| 000 | 01054cam a22003014a 4500 | ||
|---|---|---|---|
| 001 | 2935 | ||
| 005 | 20250902111911.0 | ||
| 020 | _a9780545477567 | ||
| 040 |
_aDLC _cDLC _dDLC _beng |
||
| 050 | 0 | 0 |
_aQH541.M37 _b1999 |
| 082 | 0 | 0 | _a577.16 |
| 100 | 1 |
_aMcKinney, Barbara Shaw _d1951- |
|
| 245 | 1 | 0 |
_aPass the energy, please! / _cby Barbara Shaw McKinney ; illustrated by Chad Wallace. |
| 250 | _aFirst published in 1999 | ||
| 260 |
_aNew York : _bScholastic , _c1999 |
||
| 300 |
_a31 pages : _bcolor illustrations ; _c28 cm . |
||
| 490 | _a Sharing Nature With Children Book | ||
| 505 | _aZ | ||
| 520 | _aRhyming text and illustrations present nature's food chains, from a simple seed to a top predator, demonstrating their natural links. | ||
| 521 |
_a1010
_bLexile |
||
| 521 |
_aZ
_bRaz-Plus |
||
| 650 | 0 |
_aFood chains (Ecology) _vJuvenile literature. |
|
| 650 | 1 | _aFood chains (Ecology) | |
| 650 | 1 | _aEcology. | |
| 700 | 1 |
_aWallace, Chad _eillustrator |
|
| 906 |
_a7 _bcbc _corignew _d1 _eocip _f19 _gy-gencatlg |
||
| 942 |
_2ddc _cBK _n0 |
||
| 999 |
_c2935 _d2935 |
||